A street with fifty seven lanes: (Record no. 171561)

MARC details
000 -LEADER
fixed length control field 00594nam a22002057a 4500
005 - DATE AND TIME OF LATEST TRANSACTION
control field 20200115135749.0
010 ## - LCCN (DPL NO)
LC control number B-159514
020 ## - INTERNATIONAL STANDARD BOOK NUMBER
Terms of availability 195.00
International Standard Book Number 817650162x
020 ## - INTERNATIONAL STANDARD BOOK NUMBER
International Standard Book Number 9788176501620
035 ## - SYSTEM CONTROL NUMBER
System control number B-159514
082 ## - DEWEY DECIMAL CLASSIFICATION NUMBER
Classification number N
100 ## - MAIN ENTRY--PERSONAL NAME
Personal name Kamleshwar
245 ## - TITLE STATEMENT
Title A street with fifty seven lanes:
Statement of responsibility, etc by Kamleshwar
Remainder of title novel and stories/
260 ## - PUBLICATION, DISTRIBUTION, ETC. (IMPRINT)
Place of publication, distribution, etc New Delhi
Name of publisher, distributor, etc Star Publications
Date of publication, distribution, etc 2005
270 ## - ADDRESS
Address 4/5, Asaf Ali Road,
City New Delhi
Postal code 110002
300 ## - PHYSICAL DESCRIPTION
Extent 144p
Dimensions 22cm(pbk)
650 ## - SUBJECT ADDED ENTRY--TOPICAL TERM
Topical term or geographic name as entry element English Fiction
942 ## - ADDED ENTRY ELEMENTS (KOHA)
Source of classification or shelving scheme Dewey Decimal Classification
Item type English Books
Call number suffix KAM
Classification part N
Holdings
Withdrawn status Lost status Not for loan Collection code Home library Current library Date acquired Source of acquisition Cost, normal purchase price Full call number Barcode Copy number Cost, replacement price Koha item type
      Fiction R.K.Puram-8 R.K.Puram-8 15/01/2020 BPPD/Purchase 195.00 N KAM B-159514 1 195.00 English Books

© Delhi Public Library
Hit Counter
free hit counter